01094cam a22002771 4500999001500000001000700015003000600022005001700028008004100045010001300086040004900099041001300148050001700161082001700178100002800195240004600223245013700269260003800406300001900444490002800463505013500491650001700626830003900643942001200682952012200694 c5010d5010264010OCoLC20181219133923.0730116s1959 nyu 000 0 eng  a59007188 aDLCbengcDLCdOCLdOCLCGdCNTRUdJYJdOCLCO1 aenghger0 aBR307b.H643 a270.6bH733C1 aHoll, Karl,d1866-1926.10aKulturbedeutung der Reformation.lEnglish14aThe cultural significance of the Reformation.cIntrod. by Wilhelm Pauck. Translated by Karl and Barbara Hertz and John H. Lichtblau. aNew York,bMeridian Booksc[1959] a191 p.c19 cm.1 aLiving age books [LA25]0 aReligion and secular life -- Effects on political and economic life -- Effects on education, history, philosophy, poetry, and art. 0aReformation. 0aLiving age Meridian books ;vLA25. 2ddccBK 00102ddc40708NFICaHMCbHMCcGENd2018-12-19g540.00l0o270.6 H733Cp005740r2018-12-19 00:00:00w2018-12-19yBK